000 00627nam a22002417a 4500
001 14459
003 BD-JhCC
005 20251129124446.0
008 251129b |||||||| |||| 00| 0 eng d
020 _a9780141398693
035 _a(BD-JhCC) 14459
040 _aBD-JhCC
_dBD-JhCC
041 _aeng
082 _223
_a881.0108
_bSAP
100 _aSappho
245 _aCome close /
_cSappho
260 _a London:
_bPenguin Classics,
_c2015
300 _a54p.;
_c17 cm.
_ePaper
490 _aPenguin Little black classics,
_vN,74
650 _aLove poetry, Greek
650 _aTranslations into English
942 _2ddc
_cBK
999 _c14459
_d14459